<?xml version="1.0" encoding="UTF-8"?>
<record
    xmlns:xsi="http://www.w3.org/2001/XMLSchema-instance"
    xsi:schemaLocation="http://www.loc.gov/MARC21/slim http://www.loc.gov/standards/marcxml/schema/MARC21slim.xsd"
    xmlns="http://www.loc.gov/MARC21/slim">

  <leader>00845nam a22001937a 4500</leader>
  <controlfield tag="001">10026</controlfield>
  <controlfield tag="003">FISKH</controlfield>
  <controlfield tag="005">20260401110343.0</controlfield>
  <controlfield tag="008">260330b        cb ||||| |||| 00| 0 eng d</controlfield>
  <datafield tag="020" ind1=" " ind2=" ">
    <subfield code="a">9787536574397</subfield>
  </datafield>
  <datafield tag="040" ind1=" " ind2=" ">
    <subfield code="a">FISKH</subfield>
    <subfield code="b">chi</subfield>
    <subfield code="c">FISKH</subfield>
    <subfield code="d">FISKH</subfield>
  </datafield>
  <datafield tag="082" ind1=" " ind2=" ">
    <subfield code="a">818</subfield>
  </datafield>
  <datafield tag="100" ind1=" " ind2=" ">
    <subfield code="a">&#x5317;&#x732B; &#x7F16;&#x8457;</subfield>
  </datafield>
  <datafield tag="245" ind1=" " ind2=" ">
    <subfield code="a">&#x7C73;&#x5C0F;&#x5708;&#x8111;&#x7B4B;&#x6025;&#x8F6C;&#x5F2F;&#xFF08;&#x5E7C;&#x513F;&#x7248;&#xFF09;/</subfield>
    <subfield code="c">By &#x5317;&#x732B; &#x7F16;&#x8457;</subfield>
  </datafield>
  <datafield tag="300" ind1=" " ind2=" ">
    <subfield code="a">135 pages :</subfield>
    <subfield code="b">color illutrations ;</subfield>
    <subfield code="c">17 cm .</subfield>
  </datafield>
  <datafield tag="520" ind1=" " ind2=" ">
    <subfield code="a">&#x300A;&#x7C73;&#x5C0F;&#x5708;&#x8111;&#x7B4B;&#x6025;&#x8F6C;&#x5F2F;&#x2011;&#x673A;&#x7075;&#x5C0F;&#x795E;&#x7AE5;&#x300B;&#x662F; &#x7C73;&#x5C0F;&#x5708;&#x8111;&#x7B4B;&#x6025;&#x8F6C;&#x5F2F; &#x7CFB;&#x5217;&#x4E2D;&#x7684;&#x4E00;&#x672C;&#x513F;&#x7AE5;&#x76CA;&#x667A;&#x4E66;&#x3002;&#x5168;&#x4E66;&#x901A;&#x8FC7;&#x4E09;&#x4E2A;&#x5173;&#x5361;&#x6545;&#x4E8B;&#x4E32;&#x8054;&#x8C1C;&#x9898;&#xFF0C;&#x56F4;&#x7ED5;&#x8C03;&#x76AE;&#x53EF;&#x7231;&#x7684;&#x7C73;&#x5C0F;&#x5708;&#x5C55;&#x5F00;&#x3002;&#x5173;&#x5361;&#x8BBE;&#x8BA1;&#x65E2;&#x5E7D;&#x9ED8;&#x53C8;&#x5BCC;&#x6709;&#x8DA3;&#x5473;&#x6027;&#xFF0C;&#x65E8;&#x5728; &#x9F13;&#x52B1;&#x5B69;&#x5B50;&#x5F00;&#x52A8;&#x8111;&#x7B4B;&#x3001;&#x57F9;&#x517B;&#x903B;&#x8F91;&#x601D;&#x7EF4;&#x548C;&#x521B;&#x9020;&#x529B;&#xFF0C;&#x5728;&#x9605;&#x8BFB;&#x8FC7;&#x7A0B;&#x4E2D;&#x4F53;&#x9A8C;&#x601D;&#x8003;&#x7684;&#x4E50;&#x8DA3;&#x3002;</subfield>
  </datafield>
  <datafield tag="942" ind1=" " ind2=" ">
    <subfield code="2">ddc</subfield>
    <subfield code="c">BOOK</subfield>
    <subfield code="n">0</subfield>
  </datafield>
  <datafield tag="999" ind1=" " ind2=" ">
    <subfield code="c">10026</subfield>
    <subfield code="d">10026</subfield>
  </datafield>
  <datafield tag="952" ind1=" " ind2=" ">
    <subfield code="0">0</subfield>
    <subfield code="1">0</subfield>
    <subfield code="2">ddc</subfield>
    <subfield code="4">0</subfield>
    <subfield code="7">0</subfield>
    <subfield code="8">REF</subfield>
    <subfield code="a">002</subfield>
    <subfield code="b">002</subfield>
    <subfield code="c">LSHTTP</subfield>
    <subfield code="d">2026-03-30</subfield>
    <subfield code="l">0</subfield>
    <subfield code="o">&#x5317;&#x732B; &#x7F16;&#x8457; 818</subfield>
    <subfield code="p">2026-0408</subfield>
    <subfield code="r">2026-03-30 15:19:00</subfield>
    <subfield code="w">2026-03-30</subfield>
    <subfield code="y">BK</subfield>
  </datafield>
</record>
